The glass consumer (Record no. 4041)
[ view plain ]
| 000 -LEADER | |
|---|---|
| fixed length control field | 01252nam a2200325Ia 4500 |
| 245 04 - TITLE STATEMENT | |
| Title | The glass consumer |
| 260 ## - PUBLICATION, DISTRIBUTION, ETC. (IMPRINT) | |
| Place of publication | Bristol : |
| Name of publisher | Policy, |
| Year of publication | 2005. |
| 300 ## - PHYSICAL DESCRIPTION | |
| Number of Pages | vi, 259 p. : |
| Other physical details | ill. |
| 500 ## - GENERAL NOTE | |
| General note | Commissioned by The National Consumer Council. |
| 650 #0 - SUBJECT ADDED ENTRY--TOPICAL TERM | |
| Topical Term | Privacy, Right of. |
| Topical Term | Freedom of information. |
| Topical Term | Consumer profiling. |
| 700 1# - ADDED ENTRY--PERSONAL NAME | |
| Personal name | Lace, Susanne. |
| 856 40 - ELECTRONIC LOCATION AND ACCESS | |
| Uniform Resource Identifier | http://site.ebrary.com/lib/rucke/Doc?id=10281239 |
No items available.
